Catálogo público

Introducción a las bases de datos con dBASE III PLUS / (Record no. 170539)

MARC details
000 -CABECERA
campo de control de longitud fija 01207nam a2200337Ia 4500
001 - NÚMERO DE CONTROL
campo de control dia_107
003 - IDENTIFICADOR DEL NÚMERO DE CONTROL
campo de control CHAP
005 - FECHA Y HORA DE LA ÚLTIMA TRANSACCIÓN
campo de control 20221206141537.0
008 - DATOS DE LONGITUD FIJA--INFORMACIÓN GENERAL
campo de control de longitud fija 220117s1987 xx 000 0 und d
010 ## - NÚMERO DE CONTROL DE LA BIBLIOTECA DEL CONGRESO
Número de control de LC 170539
020 ## - NÚMERO INTERNACIONAL ESTÁNDAR DEL LIBRO
Número Internacional Estándar del Libro 968-422-024-3
040 ## - FUENTE DE LA CATALOGACIÓN
Centro/agencia transcriptor CHAP
082 ## - NÚMERO DE LA CLASIFICACIÓN DECIMAL DEWEY
Número de clasificación 005.7565 B94 1987
100 ## - ENTRADA PRINCIPAL--NOMBRE DE PERSONA
Nombre de persona Byers, Robert A.
9 (RLIN) 16495
245 ## - MENCIÓN DE TÍTULO
Título Introducción a las bases de datos con dBASE III PLUS /
Mención de responsabilidad, etc. Robert A. Byers ; traducción Luis Hernández Yañez y Manuel Francisco Hernández Urrea
260 ## - PUBLICACIÓN, DISTRIBUCIÓN, ETC.
Lugar de publicación, distribución, etc. México :
Nombre del editor, distribuidor, etc. McGraw-Hill,
Fecha de publicación, distribución, etc. 1987
300 ## - DESCRIPCIÓN FÍSICA
Extensión vi, 365 p.
500 ## - NOTA GENERAL
Nota general Título original: Everyman's database primer featuring dBASE III PLUS
503 ## - NOTA DE HISTORIA BIBLIOGRÁFICA (BK CF MU) [OBSOLETO]
Nota de historia bibliográfica I.142842 (ej. 1) y I.142851 (ej. 2)
590 ## - NOTA LOCAL (RLIN)
Nota local QA76.9.D3 B94 1987
650 ## - PUNTO DE ACCESO ADICIONAL DE MATERIA--TÉRMINO DE MATERIA
Término de materia o nombre geográfico como elemento de entrada Bases de datos
9 (RLIN) 10684
650 ## - PUNTO DE ACCESO ADICIONAL DE MATERIA--TÉRMINO DE MATERIA
Término de materia o nombre geográfico como elemento de entrada Database management
9 (RLIN) 147210
650 ## - PUNTO DE ACCESO ADICIONAL DE MATERIA--TÉRMINO DE MATERIA
Término de materia o nombre geográfico como elemento de entrada dBASE III PLUS (Computer file)
9 (RLIN) 147211
650 ## - PUNTO DE ACCESO ADICIONAL DE MATERIA--TÉRMINO DE MATERIA
Término de materia o nombre geográfico como elemento de entrada dBASE III PLUS (Programa de computador)
9 (RLIN) 147212
700 ## - PUNTO DE ACCESO ADICIONAL--NOMBRE DE PERSONA
Nombre de persona Hernández Urrea, Manuel Francisco, tr.
9 (RLIN) 147213
700 ## - PUNTO DE ACCESO ADICIONAL--NOMBRE DE PERSONA
Nombre de persona Hernández Yañez, Luis, tr.
901 ## - ELEMENTOS DE DATOS A LOCAL LDA (RLIN)
a 005.7565 B94 1987
902 ## - ELEMENTOS DE DATOS B LOCAL, LDB (RLIN)
a M
905 ## - ELEMENTOS DE DATOS E LOCAL, LDE (RLIN)
a 5232271987 mx in 8222223322spa16
942 ## - ELEMENTOS DE PUNTO DE ACCESO ADICIONAL (KOHA)
Tipo de ítem Koha Libro
Fuente del sistema de clasificación o colocación Dewey Decimal Classification
Holdings
Estado de retiro Estado de pérdida Fuente del sistema de clasificación o colocación Estado dañado Restricciones de uso No para préstamo Código de colección Localización permanente Ubicación/localización actual Fecha de adquisición Fuente de adquisición Coste, precio normal de compra Número de inventario Total de préstamos Signatura topográfica completa Código de barras Fecha visto por última vez Número de copia Tipo de ítem Koha
    Dewey Decimal Classification   Préstamo 5 días   General Ingenieria Agroindustrial Ingenieria Agroindustrial 18/01/2022 Compra R. 21509 (09/11/88) 32712.00 142851   005.7565 B94 1987 dia_002901 18/01/2022 2 Libro
    Dewey Decimal Classification   Préstamo interno   General Ingenieria Agroindustrial Ingenieria Agroindustrial 09/11/1988 Compra / R. 21506 (9/Nov/88) 34800.00 142842   005.7565 B94 1987 dia_002840 18/01/2022 Ej. 1 Libro